00876nam a2200253Ia 45000010006000000050017000060070003000230080041000260400025000670410008000920820022001001000025001222450052001472500014001992600051002133000027002646530020002916530014003116530017003259420012003429520120003549520131004749990017006053229320240114001600.0ta060823s1971 a g b000 u 346 u aCotton College,Assam a346 a891.4437bAl 41 D aAli, Sayed Mujtaba . 0aDuhara /cSayed Mujtaba Ali.hTextual Documents a1st ed. / aCalcutta :bAnanda Publishers Pvt.Ltd ,c1971. a259p. :bill ;c22cm . aBengali Fiction aG-Bengali aT/Pg-Bengali 2ddccBK 001040708T/PGaSKBLbSKBLd2012-02-01f00000l0o891.4437 Al 41 Dp73583r2024-01-14 00:00:00t1w2012-02-01yBK 001040708Circulation (G)aSKBLbSKBLd2012-02-01f00000l0o891.4437 Al 41 Dp62995r2024-01-14 00:00:00t2w2012-02-01yBK c32275d32275